Normal view
MARC view
- Thankappan Bhavana
Entry Personal Name
001 - CONTROL NUMBER
- control field: 182649
003 - CONTROL NUMBER IDENTIFIER
- control field: OSt
005 - DATE AND TIME OF LATEST TRANSACTION
- control field: 20230605084951.0
008 - FIXED-LENGTH DATA ELEMENTS
- fixed length control field: 230605|| aca||aabn | a|a d
040 ## - CATALOGING SOURCE
- Original cataloging agency: OSt
- Transcribing agency: OSt
100 ## - HEADING--PERSONAL NAME
- Personal name: Thankappan Bhavana
670 ## - SOURCE DATA FOUND
- Source citation: Work cat.: (OSt)160711: Thankappan Bhavana, Five Star Resort Near Mahabaleshwar, 2014